003930000a22000970004500008004100000082001700041245013500058260006700193300001100260650002400271230817t ||||| |||| 00| 0 eng d a370.954bEDU aEducation and Training in Sri Lanka: (An Asian Development Bank Sponsored Project)bAnnexures (Vital Selected Statistics):nVol. 4 bEducational Consultants India LimitedaIndia (New Delhi)c1989 a211 p. aEDUCATION-Sri Lanka